00303nam a2200133Ia 4500003000400000005001700004008004100021020001800062040001700080100001700097245002600114260002000140260000900160OSt20240316101447.0170524s9999 xx 000 0 und d a9788190749671 cIIMTU MEERUT aRozera- M.S. 0aComputer Fundamentals bN. Delhi : Vayu c2009